Groups Of Six - Statistics

General Stats
  • This quiz has been taken 1,264 times
  • The average score is 23 of 36
Answer Stats
Answer % Correct
English
93%
Most populous states in the USA California
90%
Main world religions Christianity
90%
French
90%
New York
90%
Emergency services Fire
88%
Islam
88%
Police
88%
Spanish
88%
Texas
88%
Florida
83%
Mandarin
82%
Ambulance
81%
Hinduism
77%
Judaism
76%
Russian
73%
Official languages of the UN Arabic
70%
Buddhism
69%
Anne Boleyn
66%
Naturally occurring noble gases Helium
61%
Neon
61%
Illinois
59%
Jane Seymour
58%
Wives of Henry VIII Catherine of Aragon
57%
Argon
53%
Pennsylvania
47%
Xenon
45%
Catherine Parr
44%
Anne of Cleves
43%
Coastguard
37%
Radon
36%
Sikhism
35%
Catherine Howard
34%
Krypton
33%
Mountain Rescue
12%
Cave Rescue
2%
No matching quizzes found
Score Distribution
Percent of People with Each Score
Percentile by Number Answered
Your Score History
You have not taken this quiz